000 004230000a22001690004500
003 MACL
005 20160103121719.0
008 160103b xxu||||| |||| 00| 0 eng d
040 _aMACL
_cMACL
041 _aEnglish
082 _a823/COO
100 _aCooper, Edward H
_927613
245 _aChildren Racehorses and Ghosts
260 _bDuckworth & co
_c1899
_aLondon
650 _aStory
_927614
942 _cBK
_k823/COO
_2ddc
999 _c36886
_d36886